000 00878cpcaa2200253 4500
001 mm 83084200
003 DLC
005 20260227111720.0
008 830330|||||||||||| spa
010 _amm 83084200
040 _aDLC
_edacs
_cDLC
_dDLC
072 7 _aH
_2lcmd
100 1 _aAlvarado, Francisco de,
_d-1603.
245 0 0 _aVocabulario en lengua misteca ... :
_kmanuscript copy
_f18--?
300 _a1
_fitem.
506 0 _aOpen to research.
520 8 _a19th century manuscript copy (149 pages) of Mixtec vocabulary, originally published in 1593.
546 _aCollection material in Spanish.
650 0 _aIndians of Mexico
_xLanguages.
650 0 _aMixtec Indians.
650 0 _aMixtec language.
999 _c44033
_d44033